| 000 | 00823nam a22002537a 4500 | ||
|---|---|---|---|
| 001 | 3362 | ||
| 003 | FISKH | ||
| 005 | 20240304151842.0 | ||
| 008 | 240229b cb ||||| |||| 00| 0 eng d | ||
| 040 |
_aFISK _beng _cFISK _dFISK |
||
| 050 | _aPZ7.H7875 | ||
| 082 | _a823.914 | ||
| 100 |
_aHorowitz Anthony : _d1955- |
||
| 245 |
_aSkeleton key / _cAnthony Horowitz |
||
| 260 |
_aLondon : _bWalker books, _c2015 |
||
| 300 |
_a346 pages : _c21 cm : |
||
| 490 | _3Alex Rider | ||
| 505 | _aM | ||
| 520 | _aReluctant teenage-spy Alex Rider, on a routine mission at the Wimbledon tennis championships, gets caught up in Chinese gangs, illegal nuclear weapons, and the suspect plans of his Russian host, General Sarov. | ||
| 521 | 8 |
_a630 _bM |
|
| 700 | _aAnthony Horowitz | ||
| 942 |
_2ddc _cBK _n0 |
||
| 999 |
_c3362 _d3362 |
||